000
00313nam a22001337a 4500
999
_c
54985
_d
54985
008
200204b ||||| |||| 00| 0 eng d
041
_a
eng
080
_a
043.3
082
_2
043.3
100
_a
0
101
_a
BTH
245
_a
Lindja e parakohshme dhe përfundimi Peripartal
_c
Obërtinca,N
942
_2
udc
_c
BK